[Event "ROM-chT"]
[Site "Oradea"]
[Date "2022.09.25"]
[Round "5.4"]
[White "Carmaciu, Lucian Catalin"]
[Black "Danilov, Vladimir"]
[Result "1-0"]
[WhiteElo "2376"]
[BlackElo "2378"]
[PlyCount "71"]
[EventDate "2022.09.21"]
[EventType "team-tourn"]
[EventRounds "9"]
[EventCountry "ROU"]
[SourceTitle "EXT 2024"]
[Source "ChessBase"]
[SourceDate "2023.10.10"]
[SourceVersion "1"]
[SourceVersionDate "2023.10.10"]
[SourceQuality "1"]
[WhiteTeam "Timisoara Vest Univ"]
[BlackTeam "Iasi Politehnica"]
[WhiteTeamCountry "ROU"]
[BlackTeamCountry "ROU"]

1. d4 Nf6 2. Bf4 e6 3. e3 b6 4. Qf3 Nc6 5. Nc3 Bb7 6. 0-0-0 Be7 7. e4 d6 8. e5 Nd7 9. Bb5 d5 10. h4 a6 11. Be2 b5 12. Qg4 g6 13. Nf3 h5 14. Qh3 Nb6 15. Ng5 Qd7 16. g4 b4 17. Nb1 Nd8 18. gxh5 gxh5 19. Nd2 a5 20. Nb3 Ba6 21. Bxa6 Rxa6 22. Nc5 Bxc5 23. dxc5 Na4 24. Ne4 dxe4 25. Rxd7 Kxd7 26. Qf1 Rc6 27. Qb5 Kc8 28. Qxa4 Rxc5 29. Rd1 c6 30. a3 bxa3 31. Qxa3 Nb7 32. Be3 Rb5 33. Qe7 Rd8 34. Rxd8+ Nxd8 35. Bg5 Rd5 36. Qe8 1-0

[Event "ROM-chT"]
[Site "Oradea"]
[Date "2022.09.24"]
[Round "4.3"]
[White "Ileana, George"]
[Black "Carmaciu, Lucian Catalin"]
[Result "1-0"]
[WhiteElo "2301"]
[BlackElo "2376"]
[PlyCount "79"]
[EventDate "2022.09.21"]
[EventType "team-tourn"]
[EventRounds "9"]
[EventCountry "ROU"]
[SourceTitle "EXT 2024"]
[Source "ChessBase"]
[SourceDate "2023.10.10"]
[SourceVersion "1"]
[SourceVersionDate "2023.10.10"]
[SourceQuality "1"]
[WhiteTeam "Galati Smart"]
[BlackTeam "Timisoara Vest Univ"]
[WhiteTeamCountry "ROU"]
[BlackTeamCountry "ROU"]

1. e4 c5 2. Nf3 Nc6 3. d4 cxd4 4. Nxd4 g6 5. c4 Nf6 6. Nc3 d6 7. Be2 Nxd4 8. Qxd4 Bg7 9. 0-0 0-0 10. Qd3 a5 11. Be3 a4 12. Bd4 Nd7 13. Bxg7 Kxg7 14. Kh1 Nc5 15. Qd4+ e5 16. Qd2 Be6 17. Rad1 Ra6 18. f4 f6 19. f5 Bg8 20. Qe3 Qb6 21. Rd2 Qb4 22. Rf3 Bxc4 23. fxg6 hxg6 24. Rh3 g5 25. Bg4 Be6 26. Qf3 Bxg4 27. Qxg4 Rh8 28. Rxh8 Kxh8 29. h4 Qc4 30. Rf2 d5 31. Qh5+ Kg7 32. hxg5 Nxe4 33. Qh6+ Kf7 34. g6+ Ke7 35. Nxe4 Qxe4 36. g7 Qe1+ 37. Kh2 Qxf2 38. g8Q Kd6 39. Qgf8+ Kc7 40. Qhg7+ 1-0

[Event "ROM-chT"]
[Site "Oradea"]
[Date "2022.09.23"]
[Round "3.3"]
[White "Carmaciu, Lucian Catalin"]
[Black "Doncea, Vladimir"]
[Result "1-0"]
[WhiteElo "2376"]
[BlackElo "2342"]
[PlyCount "69"]
[EventDate "2022.09.21"]
[EventType "team-tourn"]
[EventRounds "9"]
[EventCountry "ROU"]
[SourceTitle "EXT 2024"]
[Source "ChessBase"]
[SourceDate "2023.10.10"]
[SourceVersion "1"]
[SourceVersionDate "2023.10.10"]
[SourceQuality "1"]
[WhiteTeam "Timisoara Vest Univ"]
[BlackTeam "Craiova Oltenia"]
[WhiteTeamCountry "ROU"]
[BlackTeamCountry "ROU"]

1. d4 d5 2. Bf4 c5 3. e3 Nf6 4. c3 Nc6 5. Nd2 g6 6. Ngf3 Bg7 7. Be2 Nh5 8. Be5 f6 9. Bg3 Nxg3 10. hxg3 cxd4 11. cxd4 Qb6 12. Qb3 Be6 13. a3 Rc8 14. 0-0 Kf7 15. Rfc1 g5 16. Ne1 h5 17. Nd3 Qxb3 18. Nxb3 b6 19. Nb4 Na5 20. Nxa5 bxa5 21. Nc6 h4 22. Nxa5 hxg3 23. fxg3 Rxc1+ 24. Rxc1 Rd8 25. b4 f5 26. Nc6 Rd7 27. Rc5 Kg6 28. Ra5 f4 29. Kf2 fxe3+ 30. Kxe3 Rd6 31. Ra6 Kf7 32. Nxa7 Rd7 33. Nc6 Bf5 34. b5 Rd6 35. Bh5+ 1-0

[Event "ROM-chT"]
[Site "Mamaia"]
[Date "2019.09.27"]
[Round "7.4"]
[White "Carmaciu, Lucian Catalin"]
[Black "Vrencian, Lehel"]
[Result "1-0"]
[WhiteElo "2375"]
[BlackElo "2306"]
[PlyCount "97"]
[EventDate "2019.09.21"]
[EventType "team-tourn"]
[EventRounds "9"]
[EventCountry "ROU"]
[SourceTitle "EXT 2020"]
[Source "ChessBase"]
[SourceDate "2019.10.17"]
[SourceVersion "1"]
[SourceVersionDate "2019.10.17"]
[SourceQuality "1"]
[WhiteTeam "Galati Acs Pro Logos"]
[BlackTeam "Otopeni"]
[WhiteTeamCountry "ROU"]
[BlackTeamCountry "ROU"]

1. e4 d6 2. d4 Nf6 3. Nd2 e5 4. Ngf3 exd4 5. Nxd4 g6 6. g3 Bg7 7. Bg2 Bg4 8. f3 Bd7 9. 0-0 0-0 10. N2b3 Re8 11. Re1 Qc8 12. c4 a5 13. a4 Na6 14. Bd2 Nb4 15. Bc3 b6 16. Qd2 c6 17. Nc2 Nxc2 18. Qxc2 Be6 19. Bf1 Qc7 20. Nd4 Bc8 21. Rad1 Bb7 22. b3 Rad8 23. Qb2 Nd7 24. Re2 Nc5 25. Bg2 Qc8 26. f4 d5 27. cxd5 cxd5 28. exd5 Qg4 29. Rxe8+ Rxe8 30. Nf3 Bf8 31. Be5 f6 32. Bd4 Bxd5 33. h3 Qc8 34. Bxf6 Bxb3 35. Rc1 Qe6 36. Ng5 Qe3+ 37. Kh2 h6 38. Bd4 Qe2 39. Qb1 Bf7 40. Nxf7 Kxf7 41. Qxb6 Ne6 42. Be5 Rd8 43. Bc3 Bc5 44. Qb7+ Kf8 45. Re1 Qf2 46. Qe4 Rd6 47. Rf1 Qe3 48. f5 Qxe4 49. fxg6+ 1-0

[Event "ROM-chT"]
[Site "Mamaia"]
[Date "2019.09.24"]
[Round "4.1"]
[White "Rogozenco, Dorian"]
[Black "Carmaciu, Lucian Catalin"]
[Result "1/2-1/2"]
[WhiteElo "2491"]
[BlackElo "2375"]
[PlyCount "87"]
[EventDate "2019.09.21"]
[EventType "team-tourn"]
[EventRounds "9"]
[EventCountry "ROU"]
[SourceTitle "EXT 2020"]
[Source "ChessBase"]
[SourceDate "2019.10.17"]
[SourceVersion "1"]
[SourceVersionDate "2019.10.17"]
[SourceQuality "1"]
[WhiteTeam "Timisoara Medicina"]
[BlackTeam "Galati Acs Pro Logos"]
[WhiteTeamCountry "ROU"]
[BlackTeamCountry "ROU"]

1. d4 g6 2. c4 Bg7 3. Nf3 c5 4. d5 e5 5. e4 d6 6. Nc3 Ne7 7. h4 h6 8. h5 g5 9. Bd3 0-0 10. Nh2 f5 11. g4 f4 12. f3 Bd7 13. 0-0 Nc8 14. a3 a5 15. Rf2 Bf6 16. Rb1 Na6 17. b3 Qe8 18. Rfb2 Na7 19. Qe2 Bd8 20. Nf1 Rb8 21. Bd2 Rf7 22. Be1 b6 23. Bf2 Ra8 24. Nd2 Bc7 25. Qf1 Qb8 26. Kh2 Be8 27. Na2 Nc8 28. Ra1 Bd8 29. Nb1 Rfa7 30. Nbc3 Kf8 31. Rab1 Qc7 32. Kg2 Kg8 33. Qc1 Kf8 34. Be2 Kg8 35. Rc2 Kf8 36. b4 axb4 37. axb4 Qe7 38. Nb5 Bxb5 39. cxb5 Nb8 40. bxc5 Rxa2 41. c6 Rxc2 42. Qxc2 Qc7 43. Rb2 Ra1 44. Ra2 1/2-1/2

[Event "ROM-chT"]
[Site "Mamaia"]
[Date "2019.09.23"]
[Round "3.5"]
[White "Grigore, George Gabriel"]
[Black "Carmaciu, Lucian Catalin"]
[Result "1/2-1/2"]
[WhiteElo "2491"]
[BlackElo "2375"]
[PlyCount "77"]
[EventDate "2019.09.21"]
[EventType "team-tourn"]
[EventRounds "9"]
[EventCountry "ROU"]
[SourceTitle "EXT 2020"]
[Source "ChessBase"]
[SourceDate "2019.10.17"]
[SourceVersion "1"]
[SourceVersionDate "2019.10.17"]
[SourceQuality "1"]
[WhiteTeam "Baia Mare Municipiului"]
[BlackTeam "Galati Acs Pro Logos"]
[WhiteTeamCountry "ROU"]
[BlackTeamCountry "ROU"]

1. d4 d5 2. c4 e6 3. Nc3 Nf6 4. cxd5 exd5 5. Bg5 Be7 6. e3 c6 7. Qc2 Nbd7 8. Bd3 0-0 9. Nf3 Re8 10. 0-0 Nf8 11. h3 g6 12. Rab1 Ne6 13. Bh4 Ng7 14. b4 a6 15. a4 Bd6 16. b5 axb5 17. axb5 Nf5 18. Bg5 h6 19. bxc6 bxc6 20. Bxf6 Qxf6 21. Na4 Ne7 22. Nb6 Ra3 23. Nxc8 Rxc8 24. Rb3 Rxb3 25. Qxb3 c5 26. dxc5 Rxc5 27. Rd1 Rc3 28. Qa4 Ra3 29. Qb5 Ra1 30. Bb1 Kg7 31. Nd4 h5 32. Qb2 Ra8 33. Qe2 Bc5 34. Nf3 Rd8 35. g3 Nc6 36. Kg2 Ne5 37. Ba2 Nxf3 38. Qxf3 d4 39. exd4 1/2-1/2

[Event "ROM-chT"]
[Site "Sovata"]
[Date "2018.11.29"]
[Round "6.4"]
[White "Aczel, Gergely"]
[Black "Carmaciu, Lucian Catalin"]
[Result "1-0"]
[WhiteElo "2549"]
[BlackElo "2374"]
[PlyCount "49"]
[EventDate "2018.11.24"]
[EventType "team-tourn"]
[EventRounds "9"]
[EventCountry "ROU"]
[SourceTitle "CBM 187 Extra"]
[Source "ChessBase"]
[SourceDate "2018.11.04"]
[SourceVersion "1"]
[SourceVersionDate "2018.11.04"]
[SourceQuality "1"]
[WhiteTeam "Timisoara Vest Univ"]
[BlackTeam "Galati"]
[WhiteTeamCountry "ROU"]
[BlackTeamCountry "ROU"]

1. d4 Nf6 2. c4 c5 3. d5 b5 4. cxb5 a6 5. bxa6 g6 6. Nc3 Bxa6 7. e4 Bxf1 8. Kxf1 d6 9. g3 Bg7 10. Kg2 0-0 11. Nf3 Nbd7 12. a4 Ra6 13. Qc2 Qa8 14. Ra3 Rc8 15. Rd1 c4 16. Be3 Ng4 17. Bd4 Nge5 18. Nxe5 Nxe5 19. Nb5 f5 20. Bxe5 Bxe5 21. exf5 gxf5 22. Rf3 Rxa4 23. Rxf5 Ra5 24. Rh5 Kf8 25. Rxh7 1-0

[Event "ROM-chT"]
[Site "Sovata"]
[Date "2018.11.26"]
[Round "3.4"]
[White "Itkis, Boris"]
[Black "Carmaciu, Lucian Catalin"]
[Result "1/2-1/2"]
[WhiteElo "2325"]
[BlackElo "2374"]
[PlyCount "26"]
[EventDate "2018.11.24"]
[EventType "team-tourn"]
[EventRounds "9"]
[EventCountry "ROU"]
[SourceTitle "CBM 187 Extra"]
[Source "ChessBase"]
[SourceDate "2018.11.04"]
[SourceVersion "1"]
[SourceVersionDate "2018.11.04"]
[SourceQuality "1"]
[WhiteTeam "Techirghiol Victoria"]
[BlackTeam "Galati"]
[WhiteTeamCountry "ROU"]
[BlackTeamCountry "ROU"]

1. d4 Nf6 2. c4 c5 3. d5 e5 4. Nc3 d6 5. e4 Be7 6. Be2 0-0 7. Nf3 Ne8 8. 0-0 g6 9. Bh6 Ng7 10. Qd2 f5 11. Ng5 f4 12. h4 Na6 13. Nb5 Nc7 1/2-1/2

[Event "Cap Aurora op 22nd"]
[Site "Cap Aurora"]
[Date "2018.06.24"]
[Round "2"]
[White "Stoian, Cristian Georgian"]
[Black "Carmaciu, Lucian Catalin"]
[Result "0-1"]
[WhiteElo "1959"]
[BlackElo "2370"]
[PlyCount "54"]
[EventDate "2018.06.23"]
[EventType "swiss"]
[EventRounds "9"]
[EventCountry "ROU"]
[SourceTitle "CBM 185 Extra"]
[Source "ChessBase"]
[SourceDate "2018.07.29"]
[SourceVersion "1"]
[SourceVersionDate "2018.07.29"]
[SourceQuality "1"]

1. e4 d5 2. exd5 Qxd5 3. Nc3 Qa5 4. d4 Nf6 5. Bd2 Bg4 6. Nf3 Nc6 7. Bb5 0-0-0 8. Bxc6 bxc6 9. h3 Qh5 10. Be3 e5 11. Qe2 Bxf3 12. Qa6+ Kd7 13. dxe5 Nd5 14. gxf3 Qxf3 15. Rd1 Qxh1+ 16. Ke2 Qg2 17. Nxd5 cxd5 18. c4 d4 19. Rxd4+ Ke7 20. Rg4 Qh1 21. Bg5+ f6 22. Bxf6+ gxf6 23. Qxf6+ Ke8 24. Qxh8 Qd1+ 25. Ke3 Rd3+ 26. Kf4 Rf3+ 27. Kg5 Qd2+ 0-1

[Event "ROM-chT"]
[Site "Calimanesti Caciulata"]
[Date "2016.11.25"]
[Round "7.5"]
[White "Carmaciu, Lucian Catalin"]
[Black "Bogdan, Dan"]
[Result "1-0"]
[WhiteElo "2381"]
[BlackElo "2383"]
[PlyCount "99"]
[EventDate "2016.11.19"]
[EventType "team-tourn"]
[EventRounds "9"]
[EventCountry "ROU"]
[SourceTitle "CBM 175 Extra"]
[Source "ChessBase"]
[SourceDate "2016.12.12"]
[SourceVersion "1"]
[SourceVersionDate "2016.12.12"]
[SourceQuality "1"]
[WhiteTeam "Galati"]
[BlackTeam "Vados"]
[WhiteTeamCountry "ROU"]
[BlackTeamCountry "ROU"]

1. e4 d6 2. d4 Nf6 3. Nc3 g6 4. Bg5 c6 5. Qd2 Nbd7 6. f4 Qa5 7. e5 Nd5 8. Nxd5 Qxd2+ 9. Kxd2 cxd5 10. Nf3 f6 11. exf6 Nxf6 12. Bxf6 exf6 13. Re1+ Kf7 14. g3 Bf5 15. Bd3 Bd7 16. Nh4 Bh6 17. Ke2 a5 18. Kf3 a4 19. Re3 Rhc8 20. a3 Ra5 21. Rhe1 Bf8 22. f5 g5 23. Ng2 Raa8 24. h4 Re8 25. Rh1 h6 26. Rxe8 Rxe8 27. Ne3 Bc6 28. hxg5 hxg5 29. Kf2 Ra8 30. Ke2 Bg7 31. Kd2 Bf8 32. Be2 Bg7 33. Bf3 Ra5 34. Nd1 Bf8 35. Nc3 Kg7 36. Re1 Kg8 37. Na2 Bd7 38. g4 Kf7 39. Nb4 Bc6 40. Rh1 Kg7 41. Re1 Kf7 42. Re3 Rb5 43. Kc1 Be7 44. Rc3 Bd7 45. Bxd5+ Ke8 46. Rc7 Rxd5 47. Nxd5 Bd8 48. Rxd7 Kxd7 49. c4 Kc6 50. Kc2 1-0

[Event "ROM-chT"]
[Site "Calimanesti Caciulata"]
[Date "2016.11.22"]
[Round "4.2"]
[White "Carmaciu, Lucian Catalin"]
[Black "Manolache, Marius"]
[Result "1/2-1/2"]
[WhiteElo "2381"]
[BlackElo "2504"]
[PlyCount "76"]
[EventDate "2016.11.19"]
[EventType "team-tourn"]
[EventRounds "9"]
[EventCountry "ROU"]
[SourceTitle "CBM 175 Extra"]
[Source "ChessBase"]
[SourceDate "2016.12.12"]
[SourceVersion "1"]
[SourceVersionDate "2016.12.12"]
[SourceQuality "1"]
[WhiteTeam "Galati"]
[BlackTeam "Timisoara Medicina"]
[WhiteTeamCountry "ROU"]
[BlackTeamCountry "ROU"]

1. e4 c5 2. Nf3 e6 3. d4 cxd4 4. Nxd4 a6 5. c4 Nf6 6. Nc3 Qc7 7. a3 b6 8. Be3 Bb7 9. f3 d6 10. Be2 Be7 11. 0-0 0-0 12. Rc1 Nbd7 13. b4 Rfc8 14. Qd2 Qd8 15. Rfd1 Rab8 16. Kh1 Qe8 17. Nb3 Ne5 18. Bxb6 Nxc4 19. Bxc4 Rxc4 20. Na5 Rcc8 21. Ba7 Ra8 22. Nxb7 Rxa7 23. Nxd6 Bxd6 24. Qxd6 Rxc3 25. Rxc3 Rd7 26. Rcd3 Rxd6 27. Rxd6 Qa4 28. Rd8+ Ne8 29. R1d7 Kf8 30. h3 Qxa3 31. Rb7 Qc1+ 32. Kh2 Qf4+ 33. Kg1 Qc1+ 34. Kf2 Qb2+ 35. Kf1 Qc1+ 36. Kf2 Qb2+ 37. Kg3 Qe5+ 38. Kf2 Qb2+ 1/2-1/2

[Event "Arad op 9th"]
[Site "Arad"]
[Date "2016.08.10"]
[Round "7"]
[White "Carmaciu, Lucian Catalin"]
[Black "Dimitrov, Radoslav"]
[Result "1/2-1/2"]
[WhiteElo "2385"]
[BlackElo "2492"]
[PlyCount "31"]
[EventDate "2016.08.06"]
[EventType "swiss"]
[EventRounds "9"]
[EventCountry "ROU"]
[SourceTitle "CBM 173 Extra"]
[Source "ChessBase"]
[SourceDate "2016.08.29"]
[SourceVersion "1"]
[SourceVersionDate "2016.08.29"]
[SourceQuality "1"]

1. e4 c6 2. c4 d5 3. exd5 cxd5 4. cxd5 Nf6 5. Nc3 Nxd5 6. Nf3 Nxc3 7. bxc3 g6 8. h4 h6 9. d4 Bg7 10. Bf4 Nc6 11. Qd2 Bf5 12. Rc1 Qa5 13. Bc4 Rd8 14. 0-0 Bg4 15. Qe3 Qh5 16. Ne5 1/2-1/2

[Event "Arad op 9th"]
[Site "Arad"]
[Date "2016.08.07"]
[Round "3"]
[White "Carmaciu, Lucian Catalin"]
[Black "Eric, Jovana"]
[Result "1-0"]
[WhiteElo "2385"]
[BlackElo "2178"]
[PlyCount "129"]
[EventDate "2016.08.06"]
[EventType "swiss"]
[EventRounds "9"]
[EventCountry "ROU"]
[SourceTitle "CBM 173 Extra"]
[Source "ChessBase"]
[SourceDate "2016.08.29"]
[SourceVersion "1"]
[SourceVersionDate "2016.08.29"]
[SourceQuality "1"]

1. e4 c5 2. Nf3 Nc6 3. Bb5 d6 4. Bxc6+ bxc6 5. h3 e5 6. 0-0 Nf6 7. Re1 Be7 8. c3 0-0 9. d4 cxd4 10. cxd4 exd4 11. Nxd4 Bd7 12. Nc3 c5 13. Nc2 Bc6 14. Qd3 Re8 15. Rd1 Qb6 16. Ne3 Qb7 17. f3 Rad8 18. b3 Nd7 19. Ned5 Ne5 20. Qf1 Bxd5 21. Nxd5 Nc6 22. Bb2 Nb4 23. Bc3 Nxd5 24. Rxd5 Bf8 25. Rad1 Rc8 26. Qc4 Re6 27. Be1 Rc6 28. Rc1 Qa6 29. b4 Qxc4 30. Rxc4 Ra6 31. Rc2 f6 32. Kf1 Kf7 33. Ke2 Re8 34. Kd3 cxb4 35. Bxb4 Ke6 36. a3 Kd7 37. Rh5 h6 38. Rb5 Rb6 39. Ra5 Rb7 40. h4 Re5 41. Rxe5 fxe5 42. h5 Be7 43. g3 Bg5 44. Rf2 a5 45. Bxa5 Rb3+ 46. Kc4 Rxa3 47. Bb4 Ra1 48. f4 Bf6 49. Rd2 Ra6 50. Kb5 Rc6 51. Ra2 Rc7 52. Rd2 Rc6 53. Rd3 Kc7 54. Ra3 Rb6+ 55. Ka5 Rc6 56. Rd3 Kd7 57. Kb5 Kc7 58. Rc3 Rxc3 59. Bxc3 Kd7 60. Kc4 Kc6 61. Bb2 Kd7 62. fxe5 dxe5 63. Kd5 Be7 64. Bxe5 Bf8 65. Bd4 1-0

[Event "Cap Aurora op 20th"]
[Site "Cap Aurora"]
[Date "2016.06.26"]
[Round "2"]
[White "Carmaciu, Lucian Catalin"]
[Black "Ognean, Mihnea Ionut"]
[Result "1-0"]
[WhiteElo "2395"]
[BlackElo "2039"]
[PlyCount "51"]
[EventDate "2016.06.25"]
[EventType "swiss"]
[EventRounds "9"]
[EventCountry "ROU"]
[SourceTitle "CBM 173 Extra"]
[Source "ChessBase"]
[SourceDate "2016.08.29"]
[SourceVersion "1"]
[SourceVersionDate "2016.08.29"]
[SourceQuality "1"]

1. d4 Nf6 2. Nf3 e6 3. Bf4 c5 4. e3 b6 5. h3 Bb7 6. Bd3 Be7 7. Nbd2 d6 8. c3 Nbd7 9. 0-0 0-0 10. e4 d5 11. e5 Ne4 12. Qe2 f5 13. exf6 Ndxf6 14. Be5 Nxd2 15. Nxd2 Qd7 16. Rfe1 Rae8 17. Rad1 Qc8 18. Nf3 Nd7 19. Qc2 h6 20. Bh7+ Kh8 21. Bxg7+ Kxg7 22. Qg6+ Kh8 23. Qxh6 Rf7 24. Bf5+ Kg8 25. Bxe6 Ref8 26. Qg6+ 1-0

[Event "ROM-chT "]
[Site "Mamaia"]
[Date "2015.10.11"]
[Round "9.3"]
[White "Carmaciu, Lucian Catalin"]
[Black "Deac, Bogdan Daniel"]
[Result "0-1"]
[WhiteElo "2398"]
[BlackElo "2455"]
[PlyCount "110"]
[EventDate "2015.10.03"]
[EventType "team-tourn"]
[EventRounds "9"]
[EventCountry "ROU"]
[SourceTitle "CBM 168 Extra"]
[Source "ChessBase"]
[SourceDate "2015.10.29"]
[SourceVersion "1"]
[SourceVersionDate "2015.10.29"]
[SourceQuality "1"]
[WhiteTeam "Galati CC"]
[BlackTeam "Ploiesti CSU"]
[WhiteTeamCountry "ROU"]
[BlackTeamCountry "ROU"]

1. e4 c5 2. Nf3 Nc6 3. g3 g6 4. Bg2 Bg7 5. 0-0 d6 6. c3 Nf6 7. Qe2 0-0 8. h3 e5 9. d3 h6 10. a3 Be6 11. b4 Qd7 12. Kh2 b6 13. Bb2 a6 14. Rd1 Rfe8 15. Nbd2 b5 16. Qe3 Qc7 17. Kg1 Nd7 18. Rab1 Reb8 19. Ba1 a5 20. Nf1 axb4 21. axb4 Ba2 22. Rb2 Rb6 23. h4 cxb4 24. cxb4 Rba6 25. Qe1 Ra3 26. Rc1 Nd4 27. Nxd4 exd4 28. f4 Rxd3 29. Kh1 Nb6 30. Rbc2 Bc4 31. h5 gxh5 32. Bb2 Na4 33. Ra1 Qb8 34. e5 dxe5 35. fxe5 Ra7 36. Bc1 Nc3 37. Rxa7 Qxa7 38. Rd2 Qe7 39. Rxd3 Bxd3 40. Bf4 Bf5 41. Ne3 Qe6 42. Qd2 dxe3 43. Qxc3 e2 44. Bf3 Qc4 45. Bd2 Be4 46. Kg2 Qxc3 47. Bxc3 Bxe5 48. Be1 Bxf3+ 49. Kxf3 f5 50. Kxe2 Kf7 51. Kf3 Ke6 52. Bd2 Bd6 53. Bxh6 Bxb4 54. Bg7 Bd6 55. Bb2 b4 0-1

[Event "ROM-chT "]
[Site "Mamaia"]
[Date "2015.10.05"]
[Round "3.5"]
[White "Tarlev, Konstantin"]
[Black "Carmaciu, Lucian Catalin"]
[Result "1-0"]
[WhiteElo "2556"]
[BlackElo "2398"]
[PlyCount "63"]
[EventDate "2015.10.03"]
[EventType "team-tourn"]
[EventRounds "9"]
[EventCountry "ROU"]
[SourceTitle "CBM 168 Extra"]
[Source "ChessBase"]
[SourceDate "2015.10.29"]
[SourceVersion "1"]
[SourceVersionDate "2015.10.29"]
[SourceQuality "1"]
[WhiteTeam "Techirghiol Victoria"]
[BlackTeam "Galati CC"]
[WhiteTeamCountry "ROU"]
[BlackTeamCountry "ROU"]

1. c4 f5 2. d4 Nf6 3. Nc3 e6 4. g3 Be7 5. Bg2 0-0 6. Nf3 d6 7. 0-0 a5 8. Bg5 Qe8 9. Re1 Ne4 10. Bxe7 Nxc3 11. bxc3 Qxe7 12. e4 f4 13. e5 d5 14. Rb1 c6 15. h4 Na6 16. c5 Nc7 17. Ng5 Nb5 18. Qd3 g6 19. gxf4 Rxf4 20. Qg3 Rf8 21. Bf1 a4 22. Bxb5 cxb5 23. Rxb5 Ra7 24. Reb1 Kh8 25. Rb6 Rf5 26. Kg2 h6 27. Nf3 Kh7 28. Nh2 g5 29. h5 Qc7 30. Ng4 Bd7 31. Nf6+ Kg7 32. Rxe6 1-0

[Event "ROM-chT "]
[Site "Mamaia"]
[Date "2015.10.04"]
[Round "2.2"]
[White "Carmaciu, Lucian Catalin"]
[Black "Wang, Hao"]
[Result "0-1"]
[WhiteElo "2398"]
[BlackElo "2712"]
[PlyCount "50"]
[EventDate "2015.10.03"]
[EventType "team-tourn"]
[EventRounds "9"]
[EventCountry "ROU"]
[SourceTitle "CBM 168 Extra"]
[Source "ChessBase"]
[SourceDate "2015.10.29"]
[SourceVersion "1"]
[SourceVersionDate "2015.10.29"]
[SourceQuality "1"]
[WhiteTeam "Galati CC"]
[BlackTeam "Baia Mare"]
[WhiteTeamCountry "ROU"]
[BlackTeamCountry "ROU"]

1. e4 c5 2. Nc3 e6 3. f4 Nc6 4. Nf3 d5 5. Bb5 Nge7 6. exd5 Nxd5 7. Bxc6+ bxc6 8. d3 Nxc3 9. bxc3 c4 10. Ne5 cxd3 11. cxd3 Bd6 12. 0-0 0-0 13. Kh1 Qc7 14. Qa4 c5 15. Rb1 Bb7 16. Bd2 Rab8 17. c4 Bxe5 18. fxe5 Qxe5 19. Qd1 Qd6 20. Qe2 e5 21. Be3 Bc6 22. Kg1 Rxb1 23. Rxb1 f5 24. Bf2 f4 25. Re1 Rf5 0-1

[Event "ROM-chT "]
[Site "Mamaia"]
[Date "2015.10.03"]
[Round "1.4"]
[White "Iordachescu, Viorel"]
[Black "Carmaciu, Lucian Catalin"]
[Result "1-0"]
[WhiteElo "2583"]
[BlackElo "2398"]
[PlyCount "95"]
[EventDate "2015.10.03"]
[EventType "team-tourn"]
[EventRounds "9"]
[EventCountry "ROU"]
[SourceTitle "CBM 168 Extra"]
[Source "ChessBase"]
[SourceDate "2015.10.29"]
[SourceVersion "1"]
[SourceVersionDate "2015.10.29"]
[SourceQuality "1"]
[WhiteTeam "Bucharest Apa Nova"]
[BlackTeam "Galati CC"]
[WhiteTeamCountry "ROU"]
[BlackTeamCountry "ROU"]

1. d4 f5 2. g3 Nf6 3. Bg2 e6 4. c4 Be7 5. Nh3 d6 6. 0-0 0-0 7. Nc3 e5 8. b3 a5 9. Bb2 Nc6 10. dxe5 dxe5 11. Qxd8 Bxd8 12. Rfd1 h6 13. Bxc6 bxc6 14. f3 Re8 15. Nf2 e4 16. Ba3 Be6 17. Rac1 Nd7 18. Rc2 Bg5 19. Kg2 Nb6 20. Bc1 Bxc1 21. Rcxc1 exf3+ 22. exf3 a4 23. Nd3 axb3 24. axb3 Ra3 25. Nc5 Ra5 26. Nxe6 Rxe6 27. Rc2 Ra3 28. c5 Nd5 29. Nxd5 cxd5 30. Rxd5 Rxb3 31. Rxf5 Ree3 32. h4 g6 33. Rf4 Kg7 34. Rd2 g5 35. Rd7+ Kg6 36. hxg5 hxg5 37. Rf8 Re5 38. Rxc7 Rc3 39. Rg8+ Kh6 40. Rh8+ Kg6 41. Rg8+ Kh6 42. Rd8 Re2+ 43. Kh3 Re6 44. Kg4 Rf6 45. Rd6 Rc4+ 46. f4 Rxd6 47. cxd6 Rd4 48. Kf5 1-0

[Event "ROM-chT"]
[Site "Calimanesti"]
[Date "2014.11.15"]
[Round "8.1"]
[White "Gorbanovsky, Oleg"]
[Black "Carmaciu, Lucian Catalin"]
[Result "1/2-1/2"]
[WhiteElo "2378"]
[BlackElo "2424"]
[PlyCount "70"]
[EventDate "2014.11.08"]
[EventType "team-tourn"]
[EventRounds "9"]
[EventCountry "ROU"]
[SourceTitle "EXT 2015"]
[Source "ChessBase"]
[SourceDate "2014.11.20"]
[SourceVersion "1"]
[SourceVersionDate "2014.11.20"]
[SourceQuality "1"]
[WhiteTeam "Oltenia Craiova"]
[BlackTeam "Galati"]
[WhiteTeamCountry "ROU"]
[BlackTeamCountry "ROU"]

1. e4 c5 2. Nf3 e6 3. g3 Nc6 4. Bg2 d5 5. exd5 Qxd5 6. 0-0 Qd7 7. c3 Nf6 8. d4 cxd4 9. Nxd4 Nxd4 10. Qxd4 Qxd4 11. cxd4 Bb4 12. Nc3 0-0 13. a3 Bxc3 14. bxc3 Bd7 15. Rb1 Bc6 16. Bxc6 bxc6 17. c4 Rfb8 18. Bf4 Rb6 19. f3 Nd7 20. Bd6 h6 21. Kf2 Rc8 22. Ke3 c5 23. Rxb6 cxd4+ 24. Kxd4 axb6 25. Rb1 f6 26. f4 Rc6 27. Bb4 g5 28. a4 gxf4 29. gxf4 Kf7 30. a5 bxa5 31. Bxa5 Rd6+ 32. Ke3 Kg6 33. Rb5 e5 34. c5 Rc6 35. fxe5 Nxc5 1/2-1/2

[Event "ROM-chT"]
[Site "Calimanesti"]
[Date "2014.11.08"]
[Round "1.1"]
[White "Carmaciu, Lucian Catalin"]
[Black "Rogozenco, Dorian"]
[Result "0-1"]
[WhiteElo "2424"]
[BlackElo "2509"]
[PlyCount "66"]
[EventDate "2014.11.08"]
[EventType "team-tourn"]
[EventRounds "9"]
[EventCountry "ROU"]
[SourceTitle "EXT 2015"]
[Source "ChessBase"]
[SourceDate "2014.11.20"]
[SourceVersion "1"]
[SourceVersionDate "2014.11.20"]
[SourceQuality "1"]
[WhiteTeam "Galati"]
[BlackTeam "Timisoara Medicina"]
[WhiteTeamCountry "ROU"]
[BlackTeamCountry "ROU"]

1. e4 c5 2. Nf3 e6 3. b3 d6 4. Bb5+ Nd7 5. 0-0 Ngf6 6. Re1 Be7 7. Bb2 0-0 8. d4 cxd4 9. Bxd7 Bxd7 10. Qxd4 e5 11. Qd3 b5 12. Nc3 Qb6 13. Nd1 Bc6 14. Nd2 Nh5 15. Ne3 Nf4 16. Qf1 g6 17. c4 a6 18. g3 Ne6 19. Nd5 Qa7 20. Qe2 f5 21. Kg2 Bg5 22. f3 Rf7 23. h4 Bxh4 24. Nb4 Bb7 25. a4 Raf8 26. axb5 fxe4 27. Nxe4 Rxf3 28. Nc6 Bxc6 29. bxc6 Rxg3+ 30. Nxg3 Nf4+ 31. Kh2 Nxe2 32. Rxe2 Rf2+ 33. Kh3 Bxg3 0-1